Noragami - Statistics

General Stats
  • This quiz has been taken 194 times
  • The average score is 8 of 15
Answer Stats
Hint Answer % Correct
main character Yato
99%
girl who saves yato Hiyori
88%
characters best friend Yukine
88%
Yatos enemy bishamon
84%
what is yukine as a weapon? sword
78%
bishamon is the god of... war
78%
yukines sword name sekki
64%
yatos "girlfriend" kofuku
55%
what does Hiyori have as a spirit tail
55%
her number 1 spirit kazuma
52%
what are her spirits called? regalia
26%
what are the evil spirits called ayakashi
22%
yato is the god of... clamity
5%
a spirits other name... divine instrument
3%
what happens to yato when yukine does something bad? stings his neck
1%
No matching quizzes found
Score Distribution
Percent of People with Each Score
Percentile by Number Answered
Your Score History
You have not taken this quiz